<?xml version="1.0" encoding="UTF-8"?>
<record
    xmlns:xsi="http://www.w3.org/2001/XMLSchema-instance"
    xsi:schemaLocation="http://www.loc.gov/MARC21/slim http://www.loc.gov/standards/marcxml/schema/MARC21slim.xsd"
    xmlns="http://www.loc.gov/MARC21/slim">

  <leader>00737nam0a22002411  4500</leader>
  <controlfield tag="001">v19\rc\2012429</controlfield>
  <controlfield tag="005">20250620002248.0</controlfield>
  <datafield tag="035" ind1=" " ind2=" ">
    <subfield code="a">(NLR Aleph) 005094036</subfield>
  </datafield>
  <datafield tag="090" ind1=" " ind2=" ">
    <subfield code="a">7326781</subfield>
    <subfield code="c">7326781</subfield>
  </datafield>
  <datafield tag="100" ind1=" " ind2=" ">
    <subfield code="a">20080925d1902    |||y0rusy50      ca</subfield>
  </datafield>
  <datafield tag="101" ind1="1" ind2=" ">
    <subfield code="a">rus</subfield>
    <subfield code="c">fre</subfield>
  </datafield>
  <datafield tag="102" ind1=" " ind2=" ">
    <subfield code="a">RU</subfield>
  </datafield>
  <datafield tag="105" ind1=" " ind2=" ">
    <subfield code="a">y   z   |||||</subfield>
  </datafield>
  <datafield tag="200" ind1="1" ind2=" ">
    <subfield code="a">&#x411;&#x440;&#x43E;&#x43D;&#x437;&#x43E;&#x432;&#x44B;&#x439; &#x43A;&#x43E;&#x43D;&#x44C;</subfield>
    <subfield code="e">&#x412;&#x43E;&#x43B;&#x448;&#x435;&#x431;&#x43D;&#x430;&#x44F; &#x43E;&#x43F;&#x435;&#x440;&#x430; &#x432; 3 &#x434;.</subfield>
    <subfield code="e">[&#x41B;&#x438;&#x431;&#x440;&#x435;&#x442;&#x442;&#x43E;]</subfield>
    <subfield code="f">&#x41C;&#x443;&#x437;&#x44B;&#x43A;&#x430; &#x415;. &#x41E;&#x431;&#x435;&#x440;&#x430;</subfield>
  </datafield>
  <datafield tag="210" ind1=" " ind2=" ">
    <subfield code="a">[&#x41E;&#x434;&#x435;&#x441;&#x441;&#x430;]</subfield>
    <subfield code="c">&#x418;.&#x422;. &#x41B;&#x43E;&#x433;&#x438;&#x43D;&#x43E;&#x432;</subfield>
    <subfield code="d">&#x446;&#x435;&#x43D;&#x437;. 1902</subfield>
  </datafield>
  <datafield tag="215" ind1=" " ind2=" ">
    <subfield code="a">[4] &#x441;.</subfield>
    <subfield code="d">25</subfield>
  </datafield>
  <datafield tag="309" ind1=" " ind2=" ">
    <subfield code="a">&#x411;&#x435;&#x437; &#x442;&#x438;&#x442;. &#x43B;. &#x438; &#x43E;&#x431;&#x43B;.</subfield>
  </datafield>
  <datafield tag="702" ind1=" " ind2="1">
    <subfield code="a">&#x41E;&#x431;&#x435;&#x440;</subfield>
    <subfield code="b">&#x415;.</subfield>
    <subfield code="4">230</subfield>
  </datafield>
  <datafield tag="801" ind1=" " ind2="0">
    <subfield code="a">RU</subfield>
    <subfield code="b">NLR</subfield>
    <subfield code="g">psbo</subfield>
  </datafield>
  <datafield tag="801" ind1=" " ind2="1">
    <subfield code="a">RU</subfield>
    <subfield code="b">ProSoft-M</subfield>
    <subfield code="2">rusmarc</subfield>
  </datafield>
  <datafield tag="852" ind1=" " ind2=" ">
    <subfield code="a">NLR</subfield>
    <subfield code="j">34.52.3.333</subfield>
  </datafield>
  <datafield tag="942" ind1=" " ind2=" ">
    <subfield code="c">BOOK</subfield>
  </datafield>
  <datafield tag="980" ind1=" " ind2=" ">
    <subfield code="a">NB</subfield>
  </datafield>
  <datafield tag="995" ind1=" " ind2=" ">
    <subfield code="5">2013-10-26</subfield>
    <subfield code="b">NLR02</subfield>
    <subfield code="c">NLR02</subfield>
    <subfield code="e">RFS</subfield>
    <subfield code="f">5094036-10</subfield>
    <subfield code="k">34.52.3.333</subfield>
    <subfield code="o">0</subfield>
    <subfield code="r">BOOK</subfield>
    <subfield code="s">34523333_</subfield>
  </datafield>
</record>
